| 000 | 00752cam a2200229 a 4500 | ||
|---|---|---|---|
| 001 | 000005991 | ||
| 005 | 20200929151856.0 | ||
| 008 | 830509s1981 nq a 001 p spa | ||
| 040 |
_aDO-SdBNP _cDLC _dDLC |
||
| 082 |
_aN861.44 _bC828p |
||
| 100 | 1 |
_aCortés, Alfonso, _d1893-1969. _916882 |
|
| 245 | 1 | 0 |
_a30 poemas de Alfonso / _cAlfonso Cortés. |
| 246 | 1 | 0 | _aTreinta poemas de Alfonso. |
| 260 |
_aManagua, Nicaragua : _bNueva Nicaragua, _c1981. |
||
| 300 |
_a133 p. : _bil. ; _c19 cm. |
||
| 490 | 1 |
_aBiblioteca popular sandinista _v4 |
|
| 650 | 4 |
_aPoesía nicaragüense _98179 |
|
| 650 | 4 |
_aLiteratura nicaragüense _ySIGLO XX _98729 |
|
| 830 | 0 |
_aBiblioteca popular sandinista ; _v4 _914389 |
|
| 910 | _aCatalogación por copia / LC | ||
| 049 | _aBNGR | ||
| 999 |
_c5787 _d5787 |
||